Economics and happiness : (Record no. 8080)
[ view plain ]
| 000 -LEADER | |
|---|---|
| fixed length control field | 00710nam a22002172 4500 |
| 001 - CONTROL NUMBER | |
| control field | 0000011889 |
| 005 - DATE AND TIME OF LATEST TRANSACTION | |
| control field | 20151217152102.0 |
| 008 - FIXED-LENGTH DATA ELEMENTS--GENERAL INFORMATION | |
| fixed length control field | 090119s xx 000 0 eng d |
| 020 ## - INTERNATIONAL STANDARD BOOK NUMBER | |
| International Standard Book Number | 0199215232 : |
| 040 ## - CATALOGING SOURCE | |
| Original cataloging agency | KABU |
| Transcribing agency | KABU |
| 245 10 - TITLE STATEMENT | |
| Title | Economics and happiness : |
| Remainder of title | framing the analysis / |
| Statement of responsibility, etc. | edited by Luigino Bruni and Pier Luigi Porta. |
| 250 ## - EDITION STATEMENT | |
| Edition statement | paperback ed. |
| 260 ## - PUBLICATION, DISTRIBUTION, ETC. (IMPRINT) | |
| Place of publication, distribution, etc. | Oxford : |
| Name of publisher, distributor, etc. | O. U. P., |
| Date of publication, distribution, etc. | 2007. |
| 300 ## - PHYSICAL DESCRIPTION | |
| Extent | xii, 366 p. |
| 650 #0 - SUBJECT ADDED ENTRY--TOPICAL TERM | |
| Topical term or geographic name as entry element | Economics |
| General subdivision | Psychological aspects. |
| -- | 0000150169 |
| 650 #0 - SUBJECT ADDED ENTRY--TOPICAL TERM | |
| Topical term or geographic name as entry element | Happiness |
| General subdivision | Economics aspects. |
| -- | 0000167932 |
| 700 1# - ADDED ENTRY--PERSONAL NAME | |
| Personal name | Porta, Pier Luigi. |
| -- | 0000167933 |
| 852 1# - LOCATION | |
| -- | p3050 KES |
| 908 ## - PUT COMMAND PARAMETER (RLIN) | |
| Put command parameter | 090119 |
| 950 ## - LOCAL HOLDINGS (RLIN) | |
| -- | 1 |
| Withdrawn status | Lost status | Source of classification or shelving scheme | Not for loan | Home library | Current library | Date acquired | Total Checkouts | Full call number | Barcode | Date last seen | Date last checked out | Price effective from | Koha item type |
|---|---|---|---|---|---|---|---|---|---|---|---|---|---|
| Library of Congress Classification | Kabarak, Main Campus | Kabarak, Main Campus | 17/12/2015 | 3 | HB74 .P8E26 2007 c. 1 | 16238 | 02/08/2024 | 06/06/2024 | 17/12/2015 | General Collection |